| 000 | 00490nam a2200205Ia 4500 | ||
|---|---|---|---|
| 003 | OSt | ||
| 005 | 20230330100306.0 | ||
| 008 | 210423s2008 xx 000 0 und d | ||
| 040 | _cAL | ||
| 041 | _aeng | ||
| 082 |
_a659.2 _223 _bGREA |
||
| 100 |
_aGREGORY (Anne),Ed. _979952 |
||
| 245 | _aPublic relations in practice. | ||
| 250 | _a2 | ||
| 260 |
_bKogan Page Ltd _c2008 |
||
| 300 | _axiv,210 | ||
| 365 |
_b250 _cINR |
||
| 906 | _apractice. ; Public ; relations | ||
| 942 |
_2ddc _cBK |
||
| 999 |
_c156535 _d156535 |
||